عرض عادي عرض مارك
  • Formal languages

مدخل مصطلح موضوعي

عدد التسجيلات المستخدمة في: 6

001 - رقم الضبط

  • حقل الضبط: 8890

003 - معرف رقم الضبط

  • حقل الضبط: OSt

005 - تاريخ ووقت أخر عملية

  • حقل الضبط: 20111222105908.0

008 - عناصر بيانات ثابتة الطول

  • حقل تحكم ثابت الطول: 111222|||a|||||| | ||| d

040 ## - مصدر الفهرسة

  • هيئة الفهرسة الأصلية: OSt
  • وكالة الكتابة: OSt

150 ## - مدخل-- مصطلح تاريخي

  • عنصر مدخل المصطلح الموضوعي او الاسم الجغرافي: Formal languages
  • تفريع شكلي: Congresses.

670 ## - بيانات المصدر موجوده

  • الاستشهاد بالمصدر: Work cat.: (OSt)3607: Conference on Developments in Language Theory (5th : 2001 : Wein, Austria) 8889, Developments in language theory :, c2002.